00286nam a22000977a 4500008004100000082001600041100000800057245009300065260002200158300000800180230621b xxu||||| |||| 00| 0 eng d a328.30bCPA cCPA a9th Commonwealth Parliamentary Conference of Members from Small CountriesbBarbados 1989 aLondonbCPAc1989 a80p